000 00503nam a2200157Ia 4500
008 160316s2010 xxu||||| |||| 00| 0 eng d
082 _a363.300000
_bMCG
100 _aMcGarrity Nicola
245 _aCounter-terrorism and beyond : The culture of law and justice after 9/11
250 _a
260 _aLondon
_bRoutledge
_c2010
300 _a243p
_b
_cxi
365 _b Rs. 5,775
650 _a1. War On Terrorism - Law & Legislation - U S A - Australia - U K
700 _aLynch Andrew
_aWilliams George
999 _c28521
_d28521